Caritas in veritate : (Registro nro. 3856)

000 -CABECERA
campo de control de longitud fija 00917cam a2200253 i 4500
001 - NÚMERO DE CONTROL
campo de control 19627534
003 - IDENTIFICADOR DEL NÚMERO DE CONTROL
campo de control OSt
005 - FECHA Y HORA DE LA ÚLTIMA TRANSACCIÓN
campo de control 20220426135225.0
008 - DATOS DE LONGITUD FIJA--INFORMACIÓN GENERAL
campo de control de longitud fija 170509s1975 vau 000 0 eng d
020 ## - NÚMERO INTERNACIONAL ESTÁNDAR DEL LIBRO
Número Internacional Estándar del Libro 9789972050992
040 ## - FUENTE DE LA CATALOGACIÓN
Centro/agencia transcriptor CAAAP
041 1# - CÓDIGO DE LENGUA
Código de lengua del texto/banda sonora o título independiente spa
Código de lengua original lat
050 00 - SIGNATURA TOPOGRÁFICA DE LA BIBLIOTECA DEL CONGRESO
Número de clasificación BV4639
Número de documento/Ítem I35
110 ## - ENTRADA PRINCIPAL--NOMBRE DE ENTIDAD CORPORATIVA
Nombre de entidad corporativa o nombre de jurisdicción como elemento de entrada Iglesia Católica.
Unidad subordinada Papa (1929- : Benedicto XVI)
Término indicativo de función/relación organismo emisor
9 (RLIN) 99
245 10 - MENCIÓN DE TÍTULO
Título Caritas in veritate :
Resto del título sobre el desarrollo humano integral en la caridad y en la verdad. Carta encíclica /
Mención de responsabilidad, etc. Benedicto XVI
264 #1 - PRODUCCIÓN, PUBLICACIÓN, DISTRIBUCIÓN, FABRICACIÓN Y COPYRIGHT
Producción, publicación, distribución, fabricación y copyright Lima:
Nombre del de productor, editor, distribuidor, fabricante Conferencia Episcopal Peruana,
Fecha de producción, publicación, distribución, fabricación o copyright 2009
300 ## - DESCRIPCIÓN FÍSICA
Extensión 118 p. ;
Dimensiones 21 cm
490 0# - MENCIÓN DE SERIE
Mención de serie La voz del pastor. Linea amarilla, Documentos pontificios
500 ## - NOTA GENERAL
Nota general Dato de la cubierta: Documento pontificio
650 #0 - PUNTO DE ACCESO ADICIONAL DE MATERIA--TÉRMINO DE MATERIA
Término de materia o nombre geográfico como elemento de entrada Evangelización
Subdivisión de forma documentos papales
9 (RLIN) 64
655 #7 - TÉRMINO DE INDIZACIÓN--GÉNERO/FORMA
Datos o término principal de género/forma Papal documents.
Fuente del término fast
Número de control de registro de autoridad (OCoLC)fst01423838
700 1# - PUNTO DE ACCESO ADICIONAL--NOMBRE DE PERSONA
Nombre de persona Benedicto XVI
Títulos y otros términos asociados al nombre Papa,
Fechas asociadas al nombre 1927-
9 (RLIN) 3399
942 ## - ELEMENTOS DE PUNTO DE ACCESO ADICIONAL (KOHA)
Fuente del sistema de clasificación o colocación
Tipo de ítem Koha Libros
Existencias
Estado de retiro Estado de pérdida Fuente del sistema de clasificación o colocación Estado dañado No para préstamo Localización permanente Ubicación/localización actual Ubicación en estantería Fecha de adquisición Total de préstamos Signatura topográfica completa Fecha visto por última vez Número de copia Precio válido a partir de Tipo de ítem Koha
Retirado de la colección         CENTRO DE DOCUMENTACIÓN (CENDOC) CENTRO DE DOCUMENTACIÓN (CENDOC)   04/26/2022   BV4639 I35 04/26/2022 Ej.1 04/26/2022 Libros
Centro de Documentación CAAAP | AV. Manuel González Prada 626, Magdalena del Mar | (51-1) 4615223 Anexo 205 y 209 | cendoc@caaap.org.pe